Una mapirisa risa que riza /

Guardado en:
Autor Principal: Ramos, María Cristina
Otros Autores: Legnazzi, Claudia; il.
Formato: Libro
Publicado: Buenos Aires : Océano, 2008
Series:Océano Travesía
Materias:
Etiquetas: Agregar Etiqueta
Sin Etiquetas, Sea el primero en etiquetar este registro!
LEADER 00963nam a22002535a 4500
001 CEM.cems015022
008 130507s2008##################000#0#####d
005 20250526162325.0
245 1 0 |a Una mapirisa risa que riza /  |c María Cristina Ramos; ilustrado Por Claudia Legnazzi 
260 |a Buenos Aires :  |b Océano,  |c 2008 
300 |a 32 p. 
490 0 |a Océano Travesía 
020 |a 9789879361566 
100 1 |a Ramos, María Cristina 
700 1 |a Legnazzi, Claudia; il. 
082 0 4 |a A868.4 
653 |a Literatura 
653 |a Literatura infantil 
653 |a Cuento infantil 
653 |a Colección ciencias de la educación 
859 |a CEMS  |b BIB. CEMS - Inicial y Primaria  |h A868.4  |i R147-4  |k IP  |p 4184  |t Ej.1 
859 |a CEMS  |b BIB. CEMS - Ccias. Educacion  |h A868.4  |i R147-5  |k CE  |p 27929.19  |t Ej.1 
859 |a CEMS  |b BIB. CEMS - Ccias. Educacion  |h A868.4  |i R147-5  |k CE  |p 28620.19  |t Ej.2 
859 |a CEMS  |b BIB. CEMS - Ccias. Educacion  |h A868.4  |i R147-5  |k CE  |p 28905.19  |t Ej.3